Future of biodiversity (Registro nro. 9158)

Detalles MARC
000 -CABECERA
Campo de control 005220000a22001930004500
090 ## - CLASIFICACIÓN LOCAL
Colección AR
Consecutivo 00056
041 0# - IDIOMA
Código de idioma para texto/pista de sonido o título separado
100 1# - ASIENTO PRINCIPAL--NOMBRE PERSONAL
Nombre personal Pimm, Stuart L.
245 10 - MENCION DE TITULO
Título Future of biodiversity
650 14 - ASIENTO SECUNDARIO DE MATERIA - TERMINO TEMATICO
Término temático o nombre geográfico como elemento de entrada Biología
650 14 - ASIENTO SECUNDARIO DE MATERIA - TERMINO TEMATICO
Término temático o nombre geográfico como elemento de entrada Evolución
650 14 - ASIENTO SECUNDARIO DE MATERIA - TERMINO TEMATICO
Término temático o nombre geográfico como elemento de entrada Extinción de especies
650 14 - ASIENTO SECUNDARIO DE MATERIA - TERMINO TEMATICO
Término temático o nombre geográfico como elemento de entrada Endemismo
700 1# - ASIENTO SECUNDARIO - NOMBRE PERSONAL
Nombre personal Russell, Gareth J.
700 1# - ASIENTO SECUNDARIO - NOMBRE PERSONAL
Nombre personal Gittleman, John L.
700 1# - ASIENTO SECUNDARIO - NOMBRE PERSONAL
Nombre personal Brooks, Thomas M.
773 1# - Item fuente:
Título Science
Especificación de materiales 685
Paginas del Articulo 347-351
Lugar, editorial y fecha de publicación 1995
Información sobre la relación 269
942 ## - ELEMENTOS ADICIONALES (KOHA)
Tipo de ítem Artículo
Existencias
Withdrawn status Lost status Sistema de Clasificación Damaged status No para préstamo Colección Ubicación Permanente Ubicación actual Fecha de adquisición Total Checkouts Número topográfico Inventario / Código de Barras Date last seen Ejemplar Price effective from Tipo de material
    Dewey Decimal Classification   No para Préstamo Hemeroteca Bogotá Bogotá 27/02/2015   AR 00056 Fuera de circulación 010280 25/03/2015 1 25/03/2015 Artículo